| 000 | 01305cam a22003614a 4500 | ||
|---|---|---|---|
| 001 | 1761 | ||
| 003 | FISKH | ||
| 005 | 20250815121636.0 | ||
| 008 | 030109s2003 nyua b 001 0 eng | ||
| 010 | _a 2003000468 | ||
| 020 | _a0516228692 (lib. bdg.) | ||
| 020 | _a9780516228693 | ||
| 020 | _a0516278991 (pbk.) | ||
| 020 | _a9780516278995 | ||
| 040 |
_aDLC _cDLC _dDLC _beng |
||
| 050 | 0 | 0 |
_aQC107 _b.B85 2003 |
| 082 | 0 | 0 |
_a681/.2 _221 |
| 100 | 1 | _aBullock, Linda. | |
| 245 | 1 | 0 |
_aYou can use a balance / _cby Linda Bullock ; consultants, David Larwa, Nanci R. Vargus. |
| 260 |
_aNew York : _bScholastic, _c2003. |
||
| 300 |
_a31 pages : _bcolor illustrations ; _c19 cm. |
||
| 440 | 0 | _aRookie read-about science | |
| 505 | _aH | ||
| 520 | _aSimple text and photographs describe and illustrate the use of a balance to measure or compare weights. | ||
| 521 | 8 |
_a440
_bLexile |
|
| 521 | 8 |
_aH
_bRaz-Plus |
|
| 650 | 0 |
_aBalances (Weighing instruments) _vJuvenile literature. |
|
| 650 | 1 | _aBalances (Weighing instruments) | |
| 650 | 1 | _aWeights and measures. | |
| 906 |
_a7 _bcbc _corignew _d1 _eecip _f20 _gy-gencatlg |
||
| 942 |
_2ddc _cBK _n0 |
||
| 999 |
_c1761 _d1761 |
||